| 000 | 00662nam a2200265Ia 4500 | ||
|---|---|---|---|
| 005 | 20260121173621.0 | ||
| 008 | 008 260114s9999 xx 000 0 eng d | ||
| 020 | _a9789812873118 | ||
| 037 | _aEBOOK | ||
| 040 | _aCRL | ||
| 040 | _beng | ||
| 040 | _cCRL | ||
| 041 | _2eng | ||
| 041 | _aeng | ||
| 084 | _qCRL | ||
| 100 |
_aLes Vickers Arie van Riessen William D. A. Rickard _91103093 |
||
| 245 | 0 | _aFire-Resistant Geopolymers | |
| 260 | _bSpringer | ||
| 260 | _bSpringer | ||
| 260 | _c2015 | ||
| 856 | _uhttps://link.springer.com/openurl?genre=book&isbn=978-981-287-311-8 | ||
| 942 | _cEBOOK | ||
| 999 |
_c1668838 _d1668838 |
||